[Event "32.Schlosspark-Open"]
[Site "Wiesbaden-Biebrich"]
[Date "2023.08.26"]
[Round "5.37"]
[White "Leck, Gerrit"]
[Black "Trenz, Finn"]
[Result "1/2-1/2"]
[WhiteElo "1981"]
[BlackElo "1837"]
[PlyCount "45"]
[EventDate "2023.??.??"]
[WhiteTeam "SV Lahn Limburg"]
[BlackTeam "SV Multatuli Ingelheim e.V."]

1. e4 c6 2. d4 d5 3. e5 Bf5 4. Nf3 e6 5. Be2 Nd7 6. O-O Ne7 7. Nbd2 h6 8. Nb3 g5 9. a4 a5 10. Bd2 Bg7 11. Ne1 O-O 12. f4 gxf4 13. Bxf4 f6 14. exf6 Nxf6 15. Nd3 Ne4 16. Be5 b6 17. Bxg7 Kxg7 18. Ne5 Qc7 19. Nd2 Ng6 20. Nxg6 Bxg6 21. Nf3 Qf4 22. Qc1 c5 23. Qxf4 1/2-1/2

[Event "32.Schlosspark-Open"]
[Site "Wiesbaden-Biebrich"]
[Date "2023.08.26"]
[Round "5.38"]
[White "Eveleens, Wim"]
[Black "Hipler, Andreas"]
[Result "1/2-1/2"]
[WhiteElo "1993"]
[BlackElo "1770"]
[PlyCount "53"]
[EventDate "2023.??.??"]
[WhiteTeam "SV Amstel"]
[BlackTeam "SK Gau-Algesheim"]

1. c4 e6 2. g3 Nf6 3. Nf3 b6 4. Bg2 Bb7 5. O-O Be7 6. b3 O-O 7. Bb2 c5 8. e3 Qc7 9. Nc3 Nc6 10. Rc1 Rfd8 11. d4 cxd4 12. exd4 d5 13. cxd5 exd5 14. Re1 a6 15. a3 Qd6 16. b4 b5 17. Ne5 Re8 18. Rc2 Bd8 19. Bc1 Bb6 20. Nxc6 Rxe1+ 21. Qxe1 Bxc6 22. Qe5 Qd7 23. Be3 Re8 24. Qf4 Bb7 25. Ne2 Qe6 26. Qh4 Qf5 27. Rc3 1/2-1/2

[Event "32.Schlosspark-Open"]
[Site "Wiesbaden-Biebrich"]
[Date "2023.08.26"]
[Round "5.39"]
[White "Diez, Gerhard"]
[Black "Bolduan, Michael"]
[Result "1-0"]
[WhiteElo "1980"]
[BlackElo "1797"]
[PlyCount "71"]
[EventDate "2023.??.??"]
[WhiteTeam "SC Bad Nauheim"]
[BlackTeam "Sfr Stiller Zug Wiesbaden"]

1. e4 e6 2. d4 d5 3. Nc3 dxe4 4. Nxe4 Nd7 5. g3 Ngf6 6. Nxf6+ Nxf6 7. Bg2 c5 8. Ne2 cxd4 9. Nxd4 Bc5 10. Be3 O-O 11. O-O Qb6 12. c3 Rd8 13. b4 Be7 14. Qe2 Nd5 15. Nf5 Qc7 16. Nxe7+ Qxe7 17. Bd2 Rb8 18. b5 b6 19. c4 Nf6 20. Bf4 Rb7 21. Bxb7 Bxb7 22. Rad1 Ne4 23. Rxd8+ Qxd8 24. Rd1 Qf6 25. Qd3 g5 26. Qd8+ Kg7 27. Qxf6+ Kxf6 28. Bb8 g4 29. Bxa7 Ng5 30. Bxb6 Bf3 31. Bd8+ Kf5 32. Rb1 f6 33. b6 Be2 34. b7 Nf3+ 35. Kg2 Nd2 36. b8=Q 1-0

[Event "32.Schlosspark-Open"]
[Site "Wiesbaden-Biebrich"]
[Date "2023.08.26"]
[Round "5.40"]
[White "Pauls, Wilhelm"]
[Black "Rabiya, Karim"]
[Result "1-0"]
[WhiteElo "1957"]
[BlackElo "1758"]
[PlyCount "47"]
[EventDate "2023.??.??"]
[WhiteTeam "Sportgemeinschaft Kaarst 1912/35"]
[BlackTeam "SK Niederbrechen 1948"]

1. e4 Nf6 2. e5 Nd5 3. d4 d6 4. Nf3 g6 5. Bc4 Nb6 6. Bb3 Bg7 7. Ng5 e6 8. Qf3 O-O 9. Qh3 h6 10. Nf3 g5 11. Nc3 Nd5 12. Ne4 Re8 13. Qh5 Nc6 14. h4 Nf4 15. Bxf4 gxf4 16. O-O-O d5 17. Rhg1 Ne7 18. g4 b5 19. g5 hxg5 20. Nexg5 Ng6 21. Nxf7 Qe7 22. Nh6+ Kf8 23. Qxg6 a5 24. Qh7 1-0

[Event "32.Schlosspark-Open"]
[Site "Wiesbaden-Biebrich"]
[Date "2023.08.26"]
[Round "5.41"]
[White "Sanati, Charlotte"]
[Black "Schmidt, Jörg"]
[Result "1-0"]
[WhiteElo "1976"]
[BlackElo "1784"]
[PlyCount "81"]
[EventDate "2023.??.??"]
[WhiteTeam "SG Trier 1877 e.V."]
[BlackTeam "SK Niederbrechen 1948"]

1. d4 d5 2. c4 c6 3. Nf3 Nf6 4. Nc3 Bg4 5. e3 e6 6. cxd5 exd5 7. Be2 Nbd7 8. O-O Bd6 9. Nh4 Bxe2 10. Qxe2 Qc7 11. h3 O-O 12. Nf5 Ne4 13. Nxe4 dxe4 14. Qg4 g6 15. Nxd6 Qxd6 16. Qxe4 f5 17. Qc2 Nf6 18. b3 Rfe8 19. Bb2 Rad8 20. Rae1 Re6 21. Re2 Qe7 22. Rfe1 Re8 23. Qc4 Ne4 24. d5 cxd5 25. Qxd5 Rd8 26. Qc4 a6 27. a4 Kf8 28. Ba3 Nd6 29. Qd4 Ke8 30. Rd1 Qc7 31. Qh8+ Kd7 32. Qxh7+ Re7 33. Qxg6 Re6 34. Qf7+ Re7 35. Qxf5+ Ke8 36. Qg6+ Kf8 37. Bxd6 Rxd6 38. Rxd6 Qc1+ 39. Kh2 Rf7 40. Rd8+ Ke7 41. Qd6# 1-0

[Event "32.Schlosspark-Open"]
[Site "Wiesbaden-Biebrich"]
[Date "2023.08.26"]
[Round "5.42"]
[White "Martin, Reiner"]
[Black "Mönch, Dorothée"]
[Result "1-0"]
[WhiteElo "1975"]
[BlackElo "1710"]
[PlyCount "47"]
[EventDate "2023.??.??"]
[WhiteTeam "SC Bad Soden"]
[BlackTeam "Sfr.Mainz 1928"]

1. d4 Nf6 2. c4 e6 3. Nc3 Bb4 4. f3 d5 5. a3 Bxc3+ 6. bxc3 c5 7. cxd5 cxd4 8. dxe6 Bxe6 9. cxd4 Nc6 10. e3 Nd5 11. Ne2 Qa5+ 12. Kf2 O-O 13. Bd2 Qd8 14. e4 Qh4+ 15. g3 Qh5 16. exd5 Qxd5 17. Be3 g5 18. Nc3 Qa5 19. Ne4 h6 20. d5 Rad8 21. Nf6+ Kg7 22. Bd4 Bxd5 23. Nxd5+ Kg6 24. Bc4 1-0

[Event "32.Schlosspark-Open"]
[Site "Wiesbaden-Biebrich"]
[Date "2023.08.26"]
[Round "5.43"]
[White "Hoffmann, Christian"]
[Black "Blübaum, Johanna"]
[Result "1-0"]
[WhiteElo "1797"]
[BlackElo "1969"]
[PlyCount "97"]
[EventDate "2023.??.??"]
[WhiteTeam "SAbt BKA Wiesbaden"]
[BlackTeam "SV Königsspringer Lemgo"]

1. d4 d5 2. c4 e6 3. Nc3 Bb4 4. Nf3 Nf6 5. e3 O-O 6. a3 Be7 7. Bd3 b6 8. O-O Ba6 9. Qe2 Qc8 10. e4 dxc4 11. Bxc4 Bxc4 12. Qxc4 Qb7 13. Re1 c6 14. a4 Rd8 15. Bf4 Na6 16. Ne5 Rac8 17. Nd3 Rd7 18. Rad1 Ne8 19. Ne5 Rdd8 20. Qe2 f6 21. Nf3 Nb4 22. Qc4 Qd7 23. h3 a5 24. Re2 Nd6 25. Bxd6 Bxd6 26. e5 Be7 27. exf6 Bxf6 28. Rxe6 Nd5 29. Rde1 Qf7 30. Rxc6 Rxc6 31. Qxc6 Nf4 32. Qe4 Qc7 33. Ne5 Ne6 34. Nd5 Qd6 35. Nxf6+ gxf6 36. Qg4+ Ng7 37. Nf3 Qb4 38. Qf4 Rf8 39. Qc7 Qxb2 40. Re7 Qb1+ 41. Kh2 Qg6 42. Nh4 Qg5 43. Nf3 Qh6 44. d5 Nf5 45. Re4 Kh8 46. d6 Qg7 47. d7 Qg8 48. Rg4 Ng7 49. Rxg7 1-0

[Event "32.Schlosspark-Open"]
[Site "Wiesbaden-Biebrich"]
[Date "2023.08.26"]
[Round "5.44"]
[White "Kähm, Kevin"]
[Black "Dörr, Tarik"]
[Result "0-1"]
[WhiteElo "1682"]
[BlackElo "1957"]
[PlyCount "68"]
[EventDate "2023.??.??"]
[WhiteTeam "SK 1959 Bischofsheim"]
[BlackTeam "SC Einrich e.V."]

1. f4 d5 2. Nf3 g6 3. e3 Bg7 4. d4 Nh6 5. Bd3 O-O 6. O-O c5 7. c3 Bf5 8. Bxf5 Nxf5 9. dxc5 e6 10. Nd4 Qc7 11. b4 a5 12. a3 axb4 13. cxb4 Nc6 14. Nb5 Qe7 15. N1c3 Nxb4 16. g4 Nh6 17. Bb2 Na6 18. f5 gxf5 19. gxf5 exf5 20. Nxd5 Qg5+ 21. Kh1 Bxb2 22. Rg1 Ng4 23. h3 Qh4 24. Rg2 Qxh3+ 25. Kg1 Rad8 26. Nd6 Rxd6 27. Ne7+ Kh8 28. Qxd6 Qxe3+ 29. Kh1 Bxa1 30. Ng6+ hxg6 31. Qxf8+ Kh7 32. Qxf7+ Bg7 33. Rxg4 fxg4 34. Qxb7 Qf3+ 0-1

[Event "32.Schlosspark-Open"]
[Site "Wiesbaden-Biebrich"]
[Date "2023.08.26"]
[Round "5.45"]
[White "Baladjaev, Emin"]
[Black "Leitzig, Reamonn Franky James"]
[Result "1/2-1/2"]
[WhiteElo "1967"]
[BlackElo "1468"]
[PlyCount "112"]
[EventDate "2023.??.??"]
[WhiteTeam "SAbt TuS Dotzheim"]
[BlackTeam "SV 1934 Ffm-Griesheim"]

1. e4 c5 2. Nf3 d6 3. a4 Nf6 4. d3 Nc6 5. c3 g6 6. Be2 Bg7 7. h3 a6 8. Bf4 e5 9. Bh2 O-O 10. O-O Re8 11. Qc2 d5 12. Nbd2 Rb8 13. g4 d4 14. Nc4 Nd7 15. Nd6 Re6 16. Nxc8 Qxc8 17. a5 b5 18. axb6 Rxb6 19. Nd2 Ne7 20. Nc4 Rb8 21. g5 Nc6 22. Bg4 Re7 23. Qa4 Qc7 24. Bxd7 Qxd7 25. Qxa6 dxc3 26. bxc3 Qxd3 27. Qxc6 Qxc4 28. Ra8 Rf8 29. Rd1 Qe6 30. Rxf8+ Bxf8 31. Rd6 Qxh3 32. Rd8 Qg4+ 33. Bg3 Qxg5 34. Qc8 Qc1+ 35. Kg2 Qh6 36. Qxc5 Rb7 37. Qxe5 Rb1 38. Bh2 g5 39. Qf5 Qh4 40. Rd7 Qh5 41. Rd8 Qh4 42. e5 Re1 43. Rd7 Qh5 44. Rc7 Qg6 45. Qf3 g4 46. Qd5 Qe4+ 47. Qxe4 Rxe4 48. Rc8 Kg7 49. Bg3 Ba3 50. Rc6 Bb2 51. Bh4 Re2 52. Bg5 h5 53. Kg3 Rc2 54. Bf6+ Kg6 55. Bd8+ Kh7 56. Bf6 Rxc3+ 1/2-1/2

[Event "32.Schlosspark-Open"]
[Site "Wiesbaden-Biebrich"]
[Date "2023.08.26"]
[Round "5.46"]
[White "Burkhardt, Jan"]
[Black "Ehmann, Johanna"]
[Result "1/2-1/2"]
[WhiteElo "1685"]
[BlackElo "1864"]
[PlyCount "70"]
[EventDate "2023.??.??"]
[WhiteTeam "Sfr.Mainz 1928"]
[BlackTeam "SK Oberkirch"]

1. e4 e5 2. Nf3 Nc6 3. Bc4 Bc5 4. c3 Nf6 5. d4 exd4 6. cxd4 Bb4+ 7. Bd2 Bxd2+ 8. Nbxd2 d5 9. exd5 Nxd5 10. Qb3 Nce7 11. O-O O-O 12. Rfe1 c6 13. a4 Qb6 14. a5 Qxb3 15. Nxb3 Bf5 16. Nh4 Bc2 17. Nc5 b6 18. Nd7 Rfd8 19. Ne5 f6 20. Nxc6 Nxc6 21. Re8+ Kf7 22. Bxd5+ Rxd5 23. Rxa8 Rxd4 24. Nf3 Rd6 25. axb6 axb6 26. h3 Be4 27. R1a6 Na5 28. R6a7+ Kg6 29. Rg8 Nb7 30. Kh2 Bc6 31. Nh4+ Kf7 32. Rxg7+ Kxg7 33. Nf5+ Kg6 34. Nxd6 Nxd6 35. Ra6 Nc4 1/2-1/2

[Event "32.Schlosspark-Open"]
[Site "Wiesbaden-Biebrich"]
[Date "2023.08.26"]
[Round "5.47"]
[White "Mrsic, Ivan"]
[Black "Ahrends, Norbert"]
[Result "1-0"]
[WhiteElo "1692"]
[BlackElo "1933"]
[PlyCount "65"]
[EventDate "2023.??.??"]
[WhiteTeam "Mainz-Kastel"]
[BlackTeam "SK 1980 Gernsheim"]

1. e4 c6 2. d4 d5 3. Nc3 dxe4 4. Nxe4 Bf5 5. Ng3 Bg6 6. h4 h6 7. Nf3 Nd7 8. h5 Bh7 9. Bd3 Bxd3 10. Qxd3 e6 11. Bd2 Ngf6 12. O-O-O c5 13. Kb1 Be7 14. Bc1 O-O 15. Ne4 Qc7 16. c3 c4 17. Qc2 b5 18. g4 Nxe4 19. Qxe4 Nf6 20. Qe2 Qc6 21. Rde1 Nh7 22. Ne5 Qd5 23. f4 Rfe8 24. g5 hxg5 25. fxg5 Bxg5 26. Bxg5 Nxg5 27. Qg4 f6 28. h6 g6 29. h7+ Kg7 30. Qh4 Nf7 31. Ref1 g5 32. Qh5 Nxe5 33. Qh6+ 1-0

[Event "32.Schlosspark-Open"]
[Site "Wiesbaden-Biebrich"]
[Date "2023.08.26"]
[Round "5.48"]
[White "Rump, Andreas"]
[Black "Michalski, Uwe"]
[Result "1-0"]
[WhiteElo "1931"]
[BlackElo "1667"]
[PlyCount "71"]
[EventDate "2023.??.??"]
[WhiteTeam "SG Turm Idstein"]
[BlackTeam "Sfr.Mainz 1928"]

1. d4 Nf6 2. Nf3 g6 3. c4 c5 4. d5 d6 5. Nc3 Bg7 6. g3 Na6 7. Bg2 O-O 8. O-O Nc7 9. Qc2 Bd7 10. a4 a6 11. a5 e6 12. e4 e5 13. Ng5 Nh5 14. f4 exf4 15. gxf4 Bd4+ 16. Kh1 f5 17. Nf3 Bxc3 18. Qxc3 fxe4 19. Ng5 Bf5 20. Bxe4 Bxe4+ 21. Nxe4 Qd7 22. b3 Ne8 23. Bb2 Neg7 24. b4 Rae8 25. Rae1 cxb4 26. Qxb4 Qh3 27. Ng5 Qg4 28. Qc3 Rxe1 29. Qxe1 Rxf4 30. Rxf4 Nxf4 31. Qg3 Qf5 32. Bxg7 Kxg7 33. Qxf4 Qb1+ 34. Kg2 Qa2+ 35. Kg3 h5 36. Ne6+ 1-0

[Event "32.Schlosspark-Open"]
[Site "Wiesbaden-Biebrich"]
[Date "2023.08.26"]
[Round "5.49"]
[White "Müller, Lutz"]
[Black "Boscher, Hans"]
[Result "1-0"]
[WhiteElo "1915"]
[BlackElo "1634"]
[PlyCount "101"]
[EventDate "2023.??.??"]
[WhiteTeam "Sfr.Mainz 1928"]
[BlackTeam "SC Bad Soden"]

1. d4 Nf6 2. Nf3 d5 3. Bf4 c5 4. e3 Nc6 5. Bb5 Qa5+ 6. Nc3 a6 7. Bxc6+ bxc6 8. Ne5 Bb7 9. O-O e6 10. a3 cxd4 11. b4 Qd8 12. exd4 Be7 13. Na4 O-O 14. Nc5 Bxc5 15. bxc5 Nd7 16. Nxd7 Qxd7 17. Rb1 a5 18. Rb3 Ba6 19. Re1 Bb5 20. Rg3 f6 21. Bd6 Rf7 22. h4 Kh8 23. h5 h6 24. Rge3 Re8 25. Qg4 Ba6 26. Rxe6 Rxe6 27. Qxe6 Bc8 28. Qe8+ Kh7 29. f3 a4 30. Qxd7 Rxd7 31. Re8 Ba6 32. Ra8 Bb5 33. Rf8 Rb7 34. Kh2 Rd7 35. Kg3 Bf1 36. Kf2 Bc4 37. Rc8 Bb5 38. Ke3 Rb7 39. g4 Rf7 40. Rb8 Bc4 41. Rb6 Bb5 42. Kd2 Rd7 43. c4 Bxc4 44. Rxc6 Rb7 45. Rb6 Rxb6 46. cxb6 Ba6 47. Kc3 Bb7 48. Kb4 Kg8 49. Kxa4 Kf7 50. Kb5 Ke6 51. Bc5 1-0

[Event "32.Schlosspark-Open"]
[Site "Wiesbaden-Biebrich"]
[Date "2023.08.26"]
[Round "5.50"]
[White "Drewes, Thomas"]
[Black "Derr, Oleg"]
[Result "0-1"]
[WhiteElo "1641"]
[BlackElo "1755"]
[PlyCount "44"]
[EventDate "2023.??.??"]
[WhiteTeam "SV Würzburg von 1865 e.V."]
[BlackTeam "VSG 1880 Offenbach"]

1. d4 Nf6 2. Nf3 g6 3. c4 Bg7 4. Nc3 d5 5. e3 O-O 6. cxd5 Nxd5 7. Be2 c5 8. O-O Nc6 9. Nxd5 Qxd5 10. dxc5 Qxc5 11. Qb3 Rb8 12. Qb5 Qd6 13. Rd1 Qc7 14. Bd2 a6 15. Qb3 Be6 16. Qc2 Rfc8 17. Rac1 Qb6 18. Qb1 Qxb2 19. Qxb2 Bxb2 20. Rc2 Bf6 21. Rdc1 Rd8 22. Bc4 Bf5 0-1

[Event "32.Schlosspark-Open"]
[Site "Wiesbaden-Biebrich"]
[Date "2023.08.26"]
[Round "5.51"]
[White "Metzner, Luis"]
[Black "Berberich, Christoph"]
[Result "0-1"]
[WhiteElo "1679"]
[BlackElo "1898"]
[PlyCount "120"]
[EventDate "2023.??.??"]
[WhiteTeam "SV Lahn Limburg"]
[BlackTeam "SK Freiburg-Zähringen 1887 e.V."]

1. d4 Nf6 2. c4 c5 3. d5 b5 4. cxb5 a6 5. bxa6 Bxa6 6. Nc3 g6 7. Nf3 Bg7 8. g3 d6 9. Bg2 Nbd7 10. O-O Nb6 11. Re1 O-O 12. e4 Ng4 13. Bf4 Nc4 14. h3 Nge5 15. Nxe5 Nxe5 16. Bf1 Qa5 17. Bxa6 Rxa6 18. Bxe5 Bxe5 19. Qc2 Rb8 20. a4 Rxb2 21. Qxb2 Bxc3 22. Qb8+ Kg7 23. Reb1 Bxa1 24. Rxa1 Qc3 25. Qb1 Qb4 26. Qxb4 cxb4 27. f3 b3 28. Rb1 Rxa4 29. Rxb3 f5 30. Re3 fxe4 31. fxe4 Rd4 32. Kf2 h5 33. Kf3 Kf6 34. h4 Ke5 35. Re2 Rd1 36. Ke3 Rg1 37. Kf2 Ra1 38. Kf3 Rb1 39. Kf2 Kd4 40. Kf3 Rf1+ 41. Kg2 Rf8 42. Kh3 Rf3 43. e5 dxe5 44. Kg2 e4 45. Ra2 Kxd5 46. Ra5+ Ke6 47. Ra4 Kf5 48. Ra5+ e5 49. Ra8 Kg4 50. Re8 Rxg3+ 51. Kf2 Rf3+ 52. Ke2 Kxh4 53. Rxe5 Rf4 54. Ke3 g5 55. Ra5 Kg4 56. Ra1 h4 57. Rg1+ Kf5 58. Rh1 Rf3+ 59. Ke2 Kf4 60. Ra1 h3 0-1

[Event "32.Schlosspark-Open"]
[Site "Wiesbaden-Biebrich"]
[Date "2023.08.26"]
[Round "5.52"]
[White "Schwarz, Jochen"]
[Black "Yozgyur, Ediz"]
[Result "1/2-1/2"]
[WhiteElo "1880"]
[BlackElo "1446"]
[PlyCount "85"]
[EventDate "2023.??.??"]
[WhiteTeam "SAbt SV Werder Bremen"]
[BlackTeam "Kreuznacher SV 1921 e.V."]

1. Nf3 d5 2. d4 Bf5 3. c4 e6 4. Nc3 Nf6 5. Bg5 Nc6 6. a3 Be7 7. e3 O-O 8. cxd5 Nxd5 9. Bxe7 Ncxe7 10. Bd3 Bxd3 11. Qxd3 c6 12. O-O Ng6 13. Ne4 Nh4 14. Nxh4 Qxh4 15. f4 f5 16. Ng5 h6 17. Nf3 Qh5 18. Ne5 g5 19. Rf3 g4 20. Rg3 Qe8 21. h3 h5 22. hxg4 hxg4 23. Nxg4 fxg4 24. Rxg4+ Kf7 25. Qh7+ Kf6 26. Qg7+ Kf5 27. Rg5+ Ke4 28. Re5+ Kd3 29. Qg4 Kc4 30. Qe2+ Kb3 31. Rc1 Ka4 32. Qc4+ Ka5 33. Qc5+ Ka6 34. b4 b6 35. Qc4+ Kb7 36. a4 a6 37. a5 b5 38. Qc5 Rc8 39. e4 Nxf4 40. Qb6+ Ka8 41. Qxa6+ Kb8 42. Qb6+ Ka8 43. Qa6+ 1/2-1/2

[Event "32.Schlosspark-Open"]
[Site "Wiesbaden-Biebrich"]
[Date "2023.08.26"]
[Round "5.53"]
[White "Jansen, Malte"]
[Black "Kobs, Stephan"]
[Result "1/2-1/2"]
[WhiteElo "1534"]
[BlackElo "1877"]
[PlyCount "90"]
[EventDate "2023.??.??"]
[WhiteTeam "SJ Herborn 1998"]
[BlackTeam "TSG 1846 Bretzenheim/ZMO"]

1. e4 c5 2. d4 cxd4 3. c3 Nf6 4. e5 Nd5 5. cxd4 Nc6 6. Nc3 Nxc3 7. bxc3 g6 8. Bc4 d5 9. exd6 Qxd6 10. Qf3 Be6 11. Bf4 Nxd4 12. Bb5+ Bd7 13. Bxd7+ Qxd7 14. cxd4 Qxd4 15. Rd1 Qb6 16. Qc3 f6 17. Nf3 Qe6+ 18. Be3 Rc8 19. Qb2 Bh6 20. Qb3 Qxb3 21. axb3 Bxe3 22. fxe3 Rc3 23. Kd2 Rxb3 24. Rb1 Ra3 25. Rxb7 Ra2+ 26. Kd3 Kf7 27. Rc1 Rxg2 28. Rcc7 Re8 29. Rxa7 h5 30. e4 g5 31. Ke3 h4 32. Nd4 Rxh2 33. Nf5 Rh3+ 34. Kf2 Kg6 35. Nxe7+ Kh5 36. Nd5 Rb8 37. Rh7+ Kg4 38. Nxf6+ Kf4 39. Nd5+ Kxe4 40. Nf6+ Kf5 41. Rhf7 Rb2+ 42. Kg1 Rb1+ 43. Kg2 Rg3+ 44. Kf2 Rb2+ 45. Kf1 Rb1+ 1/2-1/2

[Event "32.Schlosspark-Open"]
[Site "Wiesbaden-Biebrich"]
[Date "2023.08.26"]
[Time "15:30:00"]
[Round "5.54"]
[White "Tiggemann, Felix"]
[Black "Mayer, Frank"]
[Result "1/2-1/2"]
[WhiteElo "1606"]
[BlackElo "2067"]
[PlyCount "33"]
[EventDate "2023.??.??"]
[WhiteTeam "SF Schöneck"]
[BlackTeam "Wiesbadener SV 1885"]

1. e4 e5 2. Nf3 Nc6 3. Bc4 Nf6 4. d4 Nxe4 5. dxe5 Nc5 6. O-O Be7 7. Nc3 O-O 8. Nd5 Ne6 9. Re1 d6 10. Nxe7+ Nxe7 11. exd6 cxd6 12. Ng5 d5 13. Qh5 Nxg5 14. Bxg5 f6 15. Bd3 g6 16. Qe2 Nf5 17. Bxf5 1/2-1/2

[Event "32.Schlosspark-Open"]
[Site "Wiesbaden-Biebrich"]
[Date "2023.08.26"]
[Round "5.55"]
[White "Schneider, Jörg"]
[Black "Donecker, Stefan"]
[Result "1-0"]
[WhiteElo "2025"]
[BlackElo "1695"]
[PlyCount "87"]
[EventDate "2023.??.??"]
[WhiteTeam "Sfr.Mainz 1928"]
[BlackTeam "SAbt TuS Dotzheim"]

1. c4 e6 2. g3 f5 3. Bg2 Nf6 4. Nf3 Nc6 5. O-O Bd6 6. d4 O-O 7. Nc3 b6 8. Nb5 Bb7 9. b3 Ne4 10. Nxd6 cxd6 11. Ba3 Rf7 12. Rc1 Ne7 13. Ng5 d5 14. Nxf7 Kxf7 15. f3 Nf6 16. Bd6 Ng6 17. Be5 h5 18. Qd2 h4 19. cxd5 exd5 20. Qd3 f4 21. gxf4 h3 22. Bxh3 Qh8 23. Bf5 Ne7 24. Rf2 Qh4 25. Rg2 Rh8 26. Bxf6 Qxf6 27. Bxd7 Qxf4 28. e3 Qf6 29. Rf1 Qd6 30. Qb5 a6 31. Be8+ Kf8 32. Qd7 Qb8 33. Qg4 g6 34. Bd7 Qd6 35. Qf4+ Qxf4 36. exf4 Bc6 37. Bxc6 Nxc6 38. Rd1 Kf7 39. Rc2 Ne7 40. Rc7 Kf6 41. Re1 Nf5 42. Rc6+ Kf7 43. Rxb6 Nxd4 44. Rc1 1-0

[Event "32.Schlosspark-Open"]
[Site "Wiesbaden-Biebrich"]
[Date "2023.08.26"]
[Round "5.56"]
[White "Stephanblome, Felix"]
[Black "Schwarz, Eduard"]
[Result "0-1"]
[WhiteElo "1718"]
[BlackElo "1951"]
[PlyCount "126"]
[EventDate "2023.??.??"]
[WhiteTeam "SV 1934 Ffm-Griesheim"]
[BlackTeam "SG Turm Idstein"]

1. e4 e5 2. Nc3 Nf6 3. f4 d5 4. fxe5 Nxe4 5. Qf3 f5 6. d3 Nxc3 7. bxc3 d4 8. Qg3 Nc6 9. Be2 Be6 10. c4 Bb4+ 11. Kd1 Qd7 12. Rb1 O-O-O 13. Bf3 Bc3 14. Ne2 h6 15. Nxc3 dxc3 16. Qe1 Bxc4 17. Qxc3 Bd5 18. Rf1 Rhe8 19. Bxd5 Qxd5 20. Qb3 Qxb3 21. axb3 Rxe5 22. Bb2 Re7 23. Kd2 Rde8 24. Rbe1 g6 25. h4 Rxe1 26. Rxe1 Rxe1 27. Kxe1 Kd7 28. Bg7 h5 29. Ke2 b5 30. Ke3 a5 31. c4 bxc4 32. dxc4 Ke6 33. Kf4 Nd8 34. Bc3 Nb7 35. Kg5 Kf7 36. Bd2 c6 37. Bc3 Nc5 38. Bxa5 Nxb3 39. Bc3 Nc5 40. Kf4 Ke6 41. Ke3 Ne4 42. Bb2 Kd6 43. Ba3+ Ke5 44. Bb2+ Ke6 45. Kf4 Nd2 46. c5 Ne4 47. Bd4 Kd5 48. Be3 Kc4 49. Ke5 Kd3 50. Bf4 Nxc5 51. Kf6 Ke4 52. Bg5 Nd3 53. Kxg6 Nf4+ 54. Bxf4 Kxf4 55. Kxh5 c5 56. Kg6 c4 57. h5 c3 58. h6 c2 59. h7 c1=Q 60. h8=Q Qc6+ 61. Qf6 Qxg2+ 62. Kf7 Qd5+ 63. Kg7 Qe5 0-1

[Event "32.Schlosspark-Open"]
[Site "Wiesbaden-Biebrich"]
[Date "2023.08.26"]
[Round "5.57"]
[White "Launert, Martin"]
[Black "Gärtner, Johannes"]
[Result "0-1"]
[WhiteElo "1870"]
[BlackElo "1532"]
[PlyCount "112"]
[EventDate "2023.??.??"]
[WhiteTeam "SF Eltville"]
[BlackTeam "Sfr.Mainz 1928"]

1. e4 e6 2. d4 d5 3. e5 c5 4. c3 Nc6 5. Nf3 Qb6 6. a3 c4 7. Be2 Na5 8. O-O Bd7 9. Nfd2 Ne7 10. f4 Qc7 11. Nf3 Nc8 12. Be3 Nb6 13. Nbd2 Ba4 14. Qe1 Nb3 15. Rb1 O-O-O 16. Nxb3 Bxb3 17. Nd2 Bc2 18. Rc1 Ba4 19. f5 Be7 20. fxe6 fxe6 21. Qg3 Rdg8 22. Rf7 g5 23. Bg4 Rg6 24. Qh3 h6 25. Bxe6+ Kb8 26. Bf5 Rgg8 27. Bh7 Rf8 28. Rcf1 Be8 29. Rxf8 Bxf8 30. Bf5 Bg7 31. Qf3 Rf8 32. Qe2 Na4 33. Nf3 Rxf5 34. Qc2 Rf8 35. Re1 Nb6 36. Bf2 Bh5 37. e6 Qe7 38. Bg3+ Ka8 39. a4 Bxf3 40. gxf3 a6 41. a5 Nc8 42. Qa4 Rd8 43. b3 Qe8 44. Qa2 cxb3 45. Qxb3 Qc6 46. Qb2 Re8 47. f4 gxf4 48. Bxf4 Rxe6 49. Rxe6 Qxe6 50. Qd2 Ne7 51. Kg2 Nc6 52. Bc7 Qg6+ 53. Kh1 Ne7 54. Bg3 Qe4+ 55. Kg1 Nf5 56. Bc7 Qe3+ 0-1

[Event "32.Schlosspark-Open"]
[Site "Wiesbaden-Biebrich"]
[Date "2023.08.26"]
[Round "5.58"]
[White "Busch, Malte"]
[Black "Alt, Johannes"]
[Result "1/2-1/2"]
[WhiteElo "1825"]
[BlackElo "1522"]
[PlyCount "38"]
[EventDate "2023.??.??"]
[WhiteTeam "SC 1979 Hattersheim"]
[BlackTeam "Sfr.Heidesheim"]

1. b3 Nf6 2. Bb2 g6 3. e3 Bg7 4. f4 O-O 5. Nf3 d5 6. d3 c5 7. Nbd2 Nc6 8. Be2 Ng4 9. Qc1 Nxe3 10. g3 d4 11. Nc4 Nxc4 12. dxc4 e5 13. fxe5 Nxe5 14. Nxe5 Bxe5 15. Qd2 Re8 16. O-O-O Bf6 17. h4 Re3 18. Qxe3 dxe3 19. Rxd8+ Bxd8 1/2-1/2

[Event "32.Schlosspark-Open"]
[Site "Wiesbaden-Biebrich"]
[Date "2023.08.26"]
[Round "5.59"]
[White "Flackus, Stefan"]
[Black "John, Volkmar"]
[Result "1-0"]
[WhiteElo "1832"]
[BlackElo "1641"]
[PlyCount "65"]
[EventDate "2023.??.??"]
[WhiteTeam "Vorw.Orient Mainz"]
[BlackTeam "SK Herborn 1946"]

1. e4 c5 2. Nf3 e6 3. b3 d6 4. Bb5+ Bd7 5. Bxd7+ Qxd7 6. d4 cxd4 7. Nxd4 Nf6 8. f3 Be7 9. Be3 O-O 10. Qd2 Nc6 11. c4 d5 12. Nxc6 Qxc6 13. cxd5 exd5 14. e5 Nd7 15. f4 f6 16. O-O fxe5 17. Rc1 Qe6 18. fxe5 Nxe5 19. Nc3 Qg6 20. Qxd5+ Nf7 21. Rf1 Bf6 22. Rac1 Rac8 23. Ne4 b6 24. Nxf6+ gxf6 25. h3 Kh8 26. Rxc8 Rxc8 27. Rxf6 Qxf6 28. Bd4 Qxd4+ 29. Qxd4+ Kg8 30. Qd7 Rc5 31. Qxa7 Ra5 32. Qb8+ Kg7 33. a4 1-0

[Event "32.Schlosspark-Open"]
[Site "Wiesbaden-Biebrich"]
[Date "2023.08.26"]
[Round "5.60"]
[White "Mohammadzadeh, Daris"]
[Black "Neininger, Sarah"]
[Result "1-0"]
[WhiteElo "1701"]
[BlackElo "1494"]
[PlyCount "45"]
[EventDate "2023.??.??"]
[WhiteTeam "Vorw.Orient Mainz"]
[BlackTeam "VSG 1880 Offenbach"]

1. e4 c5 2. Nc3 e6 3. d4 cxd4 4. Qxd4 Nc6 5. Qd3 Bb4 6. Bf4 Nge7 7. Nge2 O-O 8. O-O-O Ng6 9. Bd6 Bxd6 10. Qxd6 Nge5 11. Nd4 Qf6 12. Nxc6 dxc6 13. Be2 Ng6 14. Bf3 Nh4 15. Rhg1 Nxf3 16. gxf3 Qxf3 17. Rxg7+ Kxg7 18. Rg1+ Kf6 19. e5+ Kf5 20. Qxf8 Qf4+ 21. Kb1 Qxe5 22. Qxf7+ Qf6 23. Qh5+ 1-0

[Event "32.Schlosspark-Open"]
[Site "Wiesbaden-Biebrich"]
[Date "2023.08.26"]
[Round "5.61"]
[White "Schramm, Luca"]
[Black "Müller, Jens"]
[Result "1/2-1/2"]
[WhiteElo "1688"]
[BlackElo "1427"]
[PlyCount "47"]
[EventDate "2023.??.??"]
[WhiteTeam "SC Einrich e.V."]
[BlackTeam "SV 1920 Hofheim"]

1. d4 Nf6 2. Bf4 c5 3. e3 d5 4. Nf3 Nc6 5. Nbd2 Qb6 6. dxc5 Qxc5 7. c3 Bf5 8. Nb3 Qb6 9. Be2 e6 10. h3 h6 11. O-O Be7 12. Bd3 Bxd3 13. Qxd3 O-O 14. Rfe1 Rfd8 15. Qe2 Bd6 16. Bxd6 Rxd6 17. Nbd4 Rdd8 18. Rad1 Rac8 19. Kf1 a6 20. Qc2 Ne4 21. Nd2 Nf6 22. N2f3 Ne4 23. Nd2 Nf6 24. N2f3 1/2-1/2

[Event "32.Schlosspark-Open"]
[Site "Wiesbaden-Biebrich"]
[Date "2023.08.26"]
[Round "5.62"]
[White "Richter, Johanna"]
[Black "Fröhlich-Dill, Astrid"]
[Result "0-1"]
[WhiteElo "1546"]
[BlackElo "1775"]
[PlyCount "78"]
[EventDate "2023.??.??"]
[WhiteTeam "Sfr.Heidesheim"]
[BlackTeam "SV 1920 Hofheim"]

1. Nf3 d5 2. g3 c5 3. Bg2 Nc6 4. O-O Nf6 5. c4 d4 6. d3 e5 7. Na3 h6 8. Nc2 Bd6 9. Rb1 O-O 10. a3 a5 11. b3 Bd7 12. e3 Qc8 13. exd4 exd4 14. b4 Bg4 15. bxc5 Bxc5 16. Rb5 b6 17. Rb1 Bh3 18. Bb2 Bxg2 19. Kxg2 Qd7 20. Re1 Rfe8 21. Qd2 Re6 22. Re2 Rae8 23. Rbe1 Qd6 24. Rxe6 fxe6 25. Qe2 e5 26. Nd2 e4 27. Nf1 exd3 28. Qxd3 Rxe1 29. Nxe1 Ne5 30. Qb3 Qc6+ 31. Kg1 Qe4 32. Qd1 Nxc4 33. Qb3 b5 34. Ng2 d3 35. Nd2 Qd5 36. Nxc4 Qxc4 37. Qxc4+ bxc4 38. Ne3 Bxe3 39. fxe3 d2 0-1